Història de Sant Esteve Sesrovires / Joan Castellà-Gassol
Publicado:
Sant Esteve Sesrovires :
Ajuntament : amb la col·laboració de la Diputacíó de Barcelona ,
1982
Descripción Física:
117 p. : il., 1 map. pleg., [32] p. de làm. ; 22 cm
Materias:
Sant Esteve Sesrovires -- Història local
MARC
| LEADER | 00000nam a2200000Ia 4500 | ||
|---|---|---|---|
| 001 | 7960 | ||
| 008 | 160829s1982 xx 000 0 cat d | ||
| 080 | |a H-1-126 | ||
| 100 | |a Castellà-Gassol, Joan |9 35027 | ||
| 245 | |a Història de Sant Esteve Sesrovires / Joan Castellà-Gassol | ||
| 260 | |a Sant Esteve Sesrovires : |b Ajuntament : |b amb la col·laboració de la Diputacíó de Barcelona, |c 1982 | ||
| 300 | |a 117 p. : |b il., 1 map. pleg., [32] p. de làm. ; |c 22 cm | ||
| 650 | |a Sant Esteve Sesrovires |x Història local |9 35028 | ||
| 710 | 1 | |a Barcelona (Catalunya : Província). |b Diputació |9 52408 | |
| 710 | |a Sant Esteve Sesrovires (Catalunya). |b Ajuntament |9 54821 | ||
| 901 | |a Arxiu | ||
| 942 | |n 1 | ||
| 952 | |0 0 |1 0 |4 0 |6 H1126 |7 1 |9 46736 |a Arxiu |b Arxiu |d 2016-12-01 |l 0 |o H-1-126 |p 7960 |r 2016-12-01 00:00:00 |w 2016-12-01 |y ARXIU | ||
| 999 | |c 50529 |d 50529 | ||